| 000 | 00630nam a2200205 a 4500 | ||
|---|---|---|---|
| 001 | 000040794 | ||
| 005 | 20201002034402.0 | ||
| 008 | 130906s1990 sp a 000 0 spa d | ||
| 020 | _a8472325415 | ||
| 020 | _a8472325938 | ||
| 020 | _a8472325423 | ||
| 040 |
_aDO-SdBNP _bspa _cBNPHU |
||
| 082 |
_axxxx _bxxxx |
||
| 100 | 1 |
_aMartínez Compañón _967216 |
|
| 245 | 1 | 0 |
_aTrujillo del Perú. / _cMartínez Compañón; fotográfia, Reproaf. |
| 260 |
_aMadrid, : _bEdiciones de Cultura Hispánica, _c1990. |
||
| 300 |
_av. : _bil. ; _c25 cm. |
||
| 500 | _aLa biblioteca posee los volumenes 7, 8 y 9 | ||
| 710 | 1 |
_aReproaf _efot. _967217 |
|
| 999 |
_c40284 _d40284 |
||